| 000 | 00584nam a2200181 a 4500 | ||
|---|---|---|---|
| 001 | 000300570 | ||
| 003 | AM-YeHGA | ||
| 005 | 20250618071934.0 | ||
| 008 | 040117s1925 ai 000 | arm d | ||
| 040 | _aAM-YeHGA | ||
| 041 | 0 | _aarm | |
| 100 | 1 |
_aՏեր-Հովնանյան, Արշալույս Հովհաննեսի, _d1890-1958 _92830 |
|
| 245 | 1 | 0 |
_aՀորձանք / _cԱ. Տեր-Հովնանյան. |
| 260 |
_aՅերևան : _fՊետհրատի 2-րդ տպ. _c1925. |
||
| 300 |
_a278 էջ ; _c18 սմ. |
||
| 650 | 1 | 4 |
_aՀայ գրականություն _xՎիպակ |
| 090 | _c111998 | ||
| 999 |
_c110662 _d110662 |
||